书目信息 |
| 题名: |
实变函数论
|
|
| 作者: | 侯友良 , 王茂发 编著 | |
| 分册: | ||
| 出版信息: | 北京 科学出版社 2024.11 |
|
| 页数: | 213页 | |
| 开本: | 26cm | |
| 丛书名: | “基础数学应用”丛书 | |
| 单 册: | ||
| 中图分类: | O174.1 | |
| 科图分类: | ||
| 主题词: | 实变函数论--shi bian han shu lun--高等教育--教材 | |
| 电子资源: | ||
| ISBN: | 978-7-03-078840-5 | |
| 000 | 01298nam 2200301 450 | |
| 001 | 95634 | |
| 005 | 20250902181456.21 | |
| 010 | @a978-7-03-078840-5@dCNY59.80 | |
| 100 | @a20250108d2024 em y0chiy50 ea | |
| 101 | 0 | @achi |
| 102 | @aCN@b110000 | |
| 105 | @aa a 000yy | |
| 106 | @ar | |
| 200 | 1 | @a实变函数论@Ashi bian han shu lun@f侯友良, 王茂发编著 |
| 210 | @a北京@c科学出版社@d2024.11 | |
| 215 | @a213页@c图@d26cm | |
| 225 | 2 | @a“基础数学应用”丛书@A“ ji chu shu xue ying yong ” cong shu |
| 300 | @a湖北省工业与应用数学学会规划教材 科学出版社图书类重大项目 | |
| 320 | @a有书目 | |
| 330 | @a本书介绍了欧氏空间上的Lebesgue测度和Lebesgue积分理论, 也附带简要介绍抽象测度论的基础知识。本书旨在提供一本教师易于使用, 学生易于阅读的教材。为此, 本书在内容编排上注重理论展开的条理性和清晰性, 将基础的部分和较难的部分适当分开, 便于在教学上根据情况作取舍, 也便于初学者在学习上循序渐进。在文字叙述上力求可读性强, 定理的证明过程较为详细。 | |
| 333 | @a科学出版社“十四五”普通高等教育本科规划教材 | |
| 410 | 0 | @12001 @a“基础数学应用”丛书 |
| 606 | 0 | @a实变函数论@Ashi bian han shu lun@x高等教育@j教材 |
| 690 | @aO174.1@v5 | |
| 701 | 0 | @a侯友良@Ahou you liang@4编著 |
| 701 | 0 | @a王茂发@Awang mao fa@4编著 |
| 801 | 0 | @aCN@c20250909 |
| 905 | @a河南城建学院图书馆@dO174.1@eH435@f1 | |
| 实变函数论/侯友良, 王茂发编著.-北京:科学出版社,2024.11 |
| 213页:图;26cm.-(“基础数学应用”丛书) |
| 湖北省工业与应用数学学会规划教材 科学出版社图书类重大项目.-使用对象:科学出版社“十四五”普通高等教育本科规划教材 |
| ISBN 978-7-03-078840-5:CNY59.80 |
| 本书介绍了欧氏空间上的Lebesgue测度和Lebesgue积分理论, 也附带简要介绍抽象测度论的基础知识。本书旨在提供一本教师易于使用, 学生易于阅读的教材。为此, 本书在内容编排上注重理论展开的条理性和清晰性, 将基础的部分和较难的部分适当分开, 便于在教学上根据情况作取舍, 也便于初学者在学习上循序渐进。在文字叙述上力求可读性强, 定理的证明过程较为详细。 |
| ● |
| 相关链接 |
|
|
|
正题名:实变函数论
索取号:O174.1/H435
 
预约/预借
| 序号 | 登录号 | 条形码 | 馆藏地/架位号 | 状态 | 备注 |
| 1 | 1629692 | 216296924 | 自科库401/401自科库 44排4列2层/ [索取号:O174.1/H435] | 在馆 |